| 000 -LEADER |
| fixed length control field |
nam a22 7a 4500 |
| 005 - DATE AND TIME OF LATEST TRANSACTION |
| control field |
20180928064436.0 |
| 008 - FIXED-LENGTH DATA ELEMENTS--GENERAL INFORMATION |
| fixed length control field |
170908b xxu||||| |||| 00| 0 eng d |
| 020 ## - IDENTIFIER FOR THE MANIFESTATION |
| Identifier for the Manifestation |
9781308583716 |
| Binding |
paperback |
| 040 ## - CATALOGING SOURCE |
| Language of Cataloging |
eng |
| Transcribing Agency |
APEC Schools Library |
| Description Conventions |
rda |
| 082 ## - DEWEY DECIMAL CLASSIFICATION NUMBER |
| Classification number |
C 415 |
| Author's Number |
G762t 2016 |
| 245 1# - TITLE AND STATEMENT OF RESPONSIBILITY |
| Preferred Title Proper |
Grammar and composition handbook for grade 10 / |
| 264 ## - PUBLICATION STATEMENT |
| Place of publication, distribution, etc |
[Place of Publication not Identified] : |
| Publisher's Name/Parallel Publisher's Name |
McGraw-Hill Education , |
| Copyright |
©2016. |
| Date of Publication |
[2016]. |
| 300 ## - PHYSICAL DESCRIPTION |
| Extent |
iv, 424 pages ; |
| Dimensions |
23 cm |
| 336 ## - RDA CONTENT |
| Source |
rdacontent |
| Content Type |
text |
| 337 ## - RDA MEDIA |
| Source |
rdamedia |
| Media Type |
unmediated |
| 338 ## - RDA CARRIER |
| Source |
rdacarrier |
| Carrier Type |
volume |
| 650 ## - ADDED SUBJECT ACCESS POINT - TOPICAL TERM |
| Topical Term |
English language |
| General Subdivision |
Grammar. |
| 651 ## - ADDED SUBJECT ACCESS POINT - GEOGRAPHIC NAME |
| Topical Term |
English language |
| General Subdivision |
Composition and exercises. |
| 942 ## - ADDED ENTRY ELEMENTS (KOHA) |
| Source of Classification |
|
| Koha Item Type |
Books |